| 000 | 00805cam a2200193 i 4500 | ||
|---|---|---|---|
| 005 | 20251229124033.0 | ||
| 008 | 250721s2012 jo gr 000 0 ara d | ||
| 082 | 1 | 4 |
_a218.8 _bا س ل |
| 245 | 0 | 2 |
_aالإسلاميون و تحديات الحكم في أعقاب الثورات العربية / _cتحرير حامد قويسي، عصام البشير ؛ المشاركون احمد الابيض و[ اربعة عشر آخرون]. |
| 250 | _aالطبعة ااولى. | ||
| 264 | 3 | 1 |
_aعمان : _bمركز دراسات الشرق الاوسط، _c2012. |
| 300 | _a317 صفحة. | ||
| 490 | 1 |
_aندوات ؛ _vرقم 63. |
|
| 650 | 1 | 7 | _aالثورات. |
| 650 | 1 | 7 | _aالاحزاب السياسية. |
| 650 | 1 | 7 | _aالبلدان العربية. |
| 942 |
_2ddc _cBK |
||
| 999 |
_c132394 _d132394 |
||